Shadowhunters quotes - Statistics

General Stats
  • This quiz has been taken 404 times
  • The average score is 14 of 55
Answer Stats
Hint Answer % Correct
Unfortunately, lady of the haven, my one true love remains myself Jace
83%
I wanted to tell you that lately I've been cross-dressing. Also I'm sleeping with your mom. I thought you should know Simon
78%
The wards have broken, and the streets are full of demons. and you want to know why i haven't called you Magnus
76%
well there goes my plan for selling them on ebay Clary
74%
I did not make a pie for three reasons. One, because I do not have any pie ingredients. Two, because I don't know how to make a pie. And Three? Because I am Not Your B!*ch Alec
73%
He is not a Herondale. He is a lightwood. Jace Lightwood. He's my son. Maryse
59%
Oh, Lord montgomery, what do you mean to do with me in this bedroom when you have me all alone? Is my virtue safe? Isabelle
55%
Luke made pasta Jocelyn
54%
They ate it too, Bloodthirsty little beasts. Never trust a duck Will
49%
Father is a worm Gabriel
39%
Remember when you tried to convince me to feed a poultry pie to the mallards in the park to see if you could breed a race of cannibal ducks Jem
36%
you mean father I despise this modern habit of calling one's parents by their names Valentine
36%
I could hear your heart beating when you were watching me with valentine. Did it bother you? Sebastian/Jonathan
33%
Isabelle! stop throwing clothes at me! Simon
33%
By the Angel, this place is barely better than a penny gaff, Gabriel don't look at anything unless i tell you it's all right Gideon
32%
If you set yourself on fire deliberately, i will institute divorce proceedings. Now sit down and eat you supper. and say hello to our guest Charlotte
30%
If my heart was a canvas every square inch of it would be painted with you Julian
29%
I am a man, and men do not consume pink beverages. Get thee gone woman and bring me something brown Jace
28%
Be brave, it's not a duck, is it? Tessa
28%
Holmes never lets watson do the talking. Waston is the backup Ty
27%
Nobody calls me blondie and keeps their kneecaps Emma
26%
I think she just asked if she could touch my mango Jace
26%
I'm pure of heart, it repeals the dirt Isabelle
25%
This is why sherlock holmes lets waston do the talking Kit
25%
prehaps he's been kidnapped and replaced by an automation Henry
24%
I was going to put what birthday it was on the sign but Jace said that after twenty, you're just old, so it doesn't matter anyway. Max
24%
Oh, I'm sorry, Is there a different highway you'd like to die on? BECAUSE WE CAN ARRANGE THAT Emma
20%
If you made the baby for yourself and Alec, you can tell me Robert
20%
Jace is trying to drag a trebuchet into the training room. Clary
19%
I never understand why people say that, I wan't going anywhere Luke
19%
Life is a Book and there are a thousand pages I have not yet read Will
17%
Climb the demon Towers? No, no one ever does that. It's totally illegal, for one thing, and besides, why would you want to? Aline
16%
If you don't know what your last name is, it's probably herondale Julian
14%
so you're a shadowhunter, De Quincey told me that you lot were monsters Nate
14%
it's all right to love someone who doesn't love you back, as long as they're worth you loving them. As long as they deserve is Sophie
14%
Laws are meaningless child, there is nothing more important than love. and no law higher Malcolm
11%
I read once that explaining a joke is like dissecting a frog, You find out how it works, but the frog dies in the process Mark
10%
There is truth in stories, There is truth in one of your paintings, boy or in a sunset or a couplet from Homer. Fiction truthm even if it is not a fact. If you believe only in facts and forget stories, your brain will live but your heart will die Arthur
9%
On a Tuesday they were wed and by friday they were dead and they buried them in the courtyard side by side, o, my love, and they buried them dies by side Bridget
9%
Gracious, that's a lot of bosom you're showing Magnus
9%
What kind of monster could possibly hate chocolate Will
8%
You know, you really didn't have to throw that man through the window Cecily
6%
The sea wears down cliffs, emma, and turns them into sand; so love wears us down and breaks our defenses Christina
6%
Think of what it must have been like in scholomance for all those years it was closed, All the way up in the mountains, totally abandoned and dark, full of spiders and ghosts and shadows Dru
6%
Don't 'yech me. you're the one with the magical spit Isabelle
6%
The whale without ahab is just a whale. A whale with no problems. A stress-free whale Julian
6%
Why are you wearing a t-shirt under you other t-shirt Livvy
6%
you should never wear that hat again Raphael
5%
I know who you are, but... You look so....so....shiny. Maia
4%
No one is ever the villian in their own story Christina
3%
The choices we make, make us Diana
3%
everyone is more than one thing, we are more than single actions we undertake, whether they be good or evil Kieran
2%
Vows of friendship and love are stronger Diego
1%
What's the word for a perfectly reasonable fear of annoying idiots Jessimine
1%
You don't mind apples, do you Livvy
1%
No matching quizzes found
Score Distribution
Percent of People with Each Score
Percentile by Number Answered
Your Score History
You have not taken this quiz